| 000 | 00470nam a22000977a 4500 | ||
|---|---|---|---|
| 999 |
_c342695 _d342695 |
||
| 003 | ASAB | ||
| 005 | 20180116125036.0 | ||
| 008 | 141021t xxu||||| |||| 00| 0 eng d | ||
| 020 | _a81-239-0885-7 | ||
| 040 | _cASAB | ||
| 082 | _a572.86 | ||
| 100 |
_aS.C Rastogi _9941 |
||
| 245 | _aBioinformatics, Skills & Applications | ||
| 246 | _aBioinformatics concepts skills and applications | ||
| 260 |
_aDarya Ganj, New Delhi. _bCBS Publishers & Distributors _c2003 (Reprited 2006) |
||
| 300 | _axv, 352 P. | ||
| 630 |
_aBioinformatics _95406 |
||
| 942 |
_2ddc _cBK |
||